Trouve l'intrus - foot #1 - Statistiques

Statistiques générales
  • Ce quiz a été pris 191 fois
  • Le résultat moyen est 12 sur 15
Statistiques - réponses
Question Réponse % Correct
Dans quel club Cristiano Ronaldo n'a pas joué ? Porto FC
98%
Quel club n'a pas remporté au moins 6 fois la Ligue des Champions ? Chelsea FC
93%
Dans quel championnat n'a pas évolué Lionel Messi Primera Division (D1 Argentine)
88%
Quel trophée Karim Benzema n'a jamais gagné ? Conférence League
85%
Quel nation n'a jamais gagné l'Euro ? Suisse
85%
Quel pays a déjà gagné une coupe du monde ? Angleterre
83%
Quel club n'a jamais remporté la Ligue des Champions ? Atlético de Madrid
83%
Quel joueur n'a pas joué au Bayern Munich ? Ciro Immobile
83%
Quel joueur n'a pas remporté le ballon d'or ? Dennis Bergkamp
83%
Lequel de ces joueurs n'a pas joué au moins 50 fois sous le maillot de l'équipe de France senior ? Lucas Hernandez
80%
Quel joueur n'a jamais marqué plus de 20 buts sur une saison ? (toute compétition confondu) Paul Pogba
71%
Ici, quatre années. 3 sont les années ou le Real Madrid a perdu en finale de LDC. Sera tu trouvé quelle est l'année ici ou ils l'ont gagné ? 2014
68%
Dans quel club Heung-min Son n'a jamais joué ? Werder Brême
61%
Lors de la saison 2021-2022, quel club n'évoluait pas en Premier League (D1 Angleterre) ? Huddersfield Town
56%
Lors de la saison 2018-2019, quel club n'évoluait pas en Ligue 1 (D1 France) ? FC Metz
39%
Aucun quiz correspondant
Distribution des résultats
% des personnes avec chaque résultat
Percentile par nombre de réponses
Votre historique - résultats
Vous n’avez pas pris ce quiz